| 000 | 00327nam a22001337a 4500 | ||
|---|---|---|---|
| 020 | _qPB | ||
| 040 | _cFIZZA ISHAQ | ||
| 082 |
_a621.382 _bDRK |
||
| 100 |
_aBHAT,HARI N.K DR. _990732 |
||
| 245 |
_aDIGITAL COMMUNICATIONS/ _cDR K.N.HARI BHAT. |
||
| 260 |
_aNEW DEHLI ; _bCENGARE, _c2019. |
||
| 300 | _a494 P. ; | ||
| 942 |
_2ddc _cBK |
||
| 999 |
_c588953 _d588953 |
||